00366 a2200133 4500001000700000020002600007041000800033100002100041250001000062300001200072040002500084245008900109260003400198116111 a9780735841734 (trade) apor aPfister, Marcus. a. ed. a{28} p. aBR-BrIDEAcBR-BrIDEA10aMilo and the mysterious islandban adventure story with two endingsc Marcus Pfister bNorth-South Books, Inc.c2014